01015nam a2200229 a 4500001001000000003000500010005001700015008004100032010001100073011001100084040000900095100003300104245017900137260004100316500006000357502013000417650005300547650004400600650003300644650003800677856007000715000113462CHAP20220329144355.0170628s2016 mx sm |||||||spa d a109923 a110895 cCHAP1 aPalacio Aldana, Luis Antonio10aNegociación y logística en la importación de productos de China a México :h[En línea]bel caso de importaciones de motocicletas /cpor Luis Antonio Palacio Aldana. aChapingo, Méx. :bEl autor,c2016. aPara ver el contenido del material haga clic en la liga aTesis (Lic. en Comercio Internacional de Productos Agropecuarios) -- UACH. División de Ciencias Económico Administrativas14aComercio internacionalxLogística empresarial.14aExportación e importaciónxControl.14aMotocicletasxImportación.14aMotocicletasxMercadeozMéxico. aFinding aiduhttp://10.13.5.2/tesis/sist113462.pdfzTeclea aquí